Statistics for Guess the country that has largest producer

Click here to take the quiz!

General Stats

  • This quiz has been taken 30 times
  • The average score is 29 of 42

Answer Stats

HintAnswer% Correct
Maple syrupCanada
96%
ChocolateGermany
96%
OilUsa
96%
WineItaly
92%
ZipperJapan
92%
Tulip bulbNetherlands
92%
DiamondRussia
92%
CoffeeBrazil
88%
BeerChina
88%
EmeraldColombia
88%
FlimIndia
88%
Ice creamNew Zealand
88%
WoolAustralia
84%
PerfumeFrance
84%
AvocadoMexico
84%
Olive oilSpain
84%
MarbleTurkey
80%
DateEgypt
76%
CoconutIndonesia
76%
Soccer ballPakistan
76%
YougurtSaudi Arabia
76%
ZirconSouth Africa
76%
TechnologySouth Korea
76%
SunflowerUkraine
76%
Dragon fruitVietnam
76%
CopperChile
72%
YamNigeria
68%
SalmonNorway
64%
SeedsPeru
60%
CarobPortugal
60%
SapphireSri Lanka
60%
RoseEcuador
52%
DrugAfghanistan
48%
VanillaMadagascar
48%
Black teaKenya
44%
JadeMyanmar
44%
CocoaIvory Coast
40%
PineapplesCosta Rica
36%
WeedParaguay
36%
WhiskeyScotland
36%
Rose oilBulgaria
32%
UraniumKazahkstan
12%

Score Distribution

Percentile by Number Answered

Percent of People with Each Score

Your Score History

You have not taken this quiz